Controla tu tiempo, controla tu vida / (Record no. 182989)

MARC details
000 -LEADER
campo de control de longitud fija 00701nam a2200229 i 4500
001 - NÚMERO DE CONTROL
campo de control 182989
003 - IDENTIFICADOR DE NÚMERO DE CONTROL
campo de control ES-MaACL
005 - FECHA Y HORA DE LA ÚLTIMA TRANSACCIÓN
campo de control 20250907063134.0
008 - DATOS DE LONGITUD FIJA--INFORMACIÓN GENERAL
campo de control de longitud fija 140110s2007 sp ## |||| |#spa##
020 ## - NÚMERO INTERNACIONAL ESTÁNDAR DEL LIBRO
Número Internacional Estándar del Libro 978-84-7356-499-1
080 ## - NÚMERO DE LA CLASIFICACIÓN DECIMAL UNIVERSAL
Número de la Clasificación Decimal Universal 658.015.1
100 1# - ENTRADA PRINCIPAL--NOMBRE DE PERSONA
Nombre de persona Chavarría, María Ángeles,
Fechas asociadas al nombre 1966-
9 (RLIN) 154105
245 10 - MENCIÓN DEL TÍTULO
Título Controla tu tiempo, controla tu vida /
Mención de responsabilidad, etc. María Ángeles Chavarría.
260 ## - PUBLICACIÓN, DISTRIBUCIÓN, ETC.
Lugar de publicación, distribución, etc. Pozuelo de Alarcón :
Nombre del editor, distribuidor, etc. ESIC,
Fecha de publicación, distribución, etc. 2007.
300 ## - DESCRIPCIÓN FÍSICA
Extensión 117 p. ;
Dimensiones 22 cm.
490 1# - MENCIÓN DE SERIE
Mención de serie Divulgación
504 ## - NOTA DE BIBLIOGRAFÍA, ETC.
Nota de bibliografía, etc. Bibliografía: p. [109]-117.
650 #7 - PUNTO DE ACCESO ADICIONAL DE MATERIA--TÉRMINO DE MATERIA
Término de materia o nombre geográfico como elemento de entrada Empleo del tiempo.
9 (RLIN) 12205
830 0# - PUNTO DE ACCESO ADICIONAL DE SERIE-TÍTULO UNIFORME
Título uniforme Divulgación
9 (RLIN) 191745
852 ## - LOCALIZACIÓN
Ubicación ES-MaACL
Número de control de estantería N-5946
Holdings
Estatus retirado Estado de pérdida Estado de daño No para préstamo Biblioteca de origen Biblioteca actual Ubicación en estantería Fecha de adquisición Fuente de adquisición Total de préstamos Signatura topográfica completa Código de barras Visto por última vez Precio de reemplazo Tipo de ítem Koha
        Biblioteca del Ateneo de Madrid Biblioteca del Ateneo de Madrid Sala Pecera Depósito 2 10/01/2014     N-5946 1192328 23/02/2023 23/02/2023 Libro impreso